00799nam a22001577a 4500008004100000040000900041245022100050260003000271300004100301650002700342650003800369650005300407710004200460710007000502856006900572230717b ||||| |||| 00| 0 eng d aCDMR aRecomanacions sobre el tractament de la comunitat gitana als mitjans de comunicació [recurs electrònic] c/ Consell de l'Audiovisual de Catalunya, Federación Nacional de Asociaciones de Mujeres Gitanas (Kamira) aBarcelona : bCAC, c2018 a1 recurs electrònic (20 pàgines) 0aÈtica periodística 0aGitanosxCobertura periodística 0aRacisme en els mitjans de comunicació de massa1 aConsell de l'Audiovisual de Catalunya aFederación Nacional de Asociaciones de Mujeres Gitanas (Kamira) uhttps://omeka.periodistes.cat/items/show/558zAccés en línia